B5 Performance Management: Intermediate Level (Record no. 4329)

MARC details
005 - DATE AND TIME OF LATEST TRANSACTION
control field 20250619050002.0
020 ## - INTERNATIONAL STANDARD BOOK NUMBER
International Standard Book Number 9789976780855
082 ## - DEWEY DECIMAL CLASSIFICATION NUMBER
Classification number 657. 42 NBA
111 ## - MAIN ENTRY--MEETING NAME
Meeting name or jurisdiction name as entry element The National Board of Accountant's and Auditors Tanzania (NBAA)
245 ## - TITLE STATEMENT
Title B5 Performance Management: Intermediate Level
260 ## - PUBLICATION, DISTRIBUTION, ETC.
Place of publication, distribution, etc. Dar es salaam,
Name of publisher, distributor, etc. NBAA,
Date of publication, distribution, etc. 2019.
300 ## - PHYSICAL DESCRIPTION
Extent 584p.; ill.; figure, table
Dimensions 29cm
942 ## - ADDED ENTRY ELEMENTS (KOHA)
Source of classification or shelving scheme Dewey Decimal Classification
Koha item type Books
Holdings
Date last seen Total checkouts Full call number Barcode Cost, replacement price Price effective from Koha item type Lost status Source of classification or shelving scheme Damaged status Not for loan Withdrawn status Home library Current library Shelving location Date acquired Cost, normal purchase price
06/19/2025   657.42 NBA DOM0001882 60000.00 06/19/2025 Books   Dewey Decimal Classification       CBE Dodoma CBE Dodoma General Collection 09/27/2021 20000.00
06/19/2025   657.42 NBA DOM0001883 60000.00 06/19/2025 Books   Dewey Decimal Classification       CBE Dodoma CBE Dodoma General Collection 09/27/2021 20000.00
06/19/2025   657.42 NBA DOM0001957 60000.00 06/19/2025 Books   Dewey Decimal Classification       CBE Dodoma CBE Dodoma General Collection 09/27/2021 20000.00
06/19/2025   657.42 NBA DOM0001884 60000.00 06/19/2025 Books   Dewey Decimal Classification       CBE Dodoma CBE Dodoma General Collection 09/27/2021 20000.00